<?xml version="1.0" encoding="UTF-8"?>
<record
    xmlns:xsi="http://www.w3.org/2001/XMLSchema-instance"
    xsi:schemaLocation="http://www.loc.gov/MARC21/slim http://www.loc.gov/standards/marcxml/schema/MARC21slim.xsd"
    xmlns="http://www.loc.gov/MARC21/slim">

  <leader>03437nam a22004097a 4500</leader>
  <controlfield tag="005">20110426154449.0</controlfield>
  <controlfield tag="008">090408t        xxu||||| |||| 00| 0 hin d</controlfield>
  <datafield tag="010" ind1=" " ind2=" ">
    <subfield code="a">HIN-96617-19          B-488819-821</subfield>
  </datafield>
  <datafield tag="020" ind1=" " ind2=" ">
    <subfield code="a">9788179753903  &#x938;&#x947;&#x91F;</subfield>
    <subfield code="c">2700.00     &#x924;&#x940;&#x928; &#x92D;&#x93E;&#x917;&#x94B;&#x902; &#x915;&#x93E;</subfield>
  </datafield>
  <datafield tag="020" ind1=" " ind2=" ">
    <subfield code="a">9788179753910   V-1</subfield>
  </datafield>
  <datafield tag="020" ind1=" " ind2=" ">
    <subfield code="a">9788179753927   V-2</subfield>
  </datafield>
  <datafield tag="020" ind1=" " ind2=" ">
    <subfield code="a">9788179753934   V-3</subfield>
  </datafield>
  <datafield tag="035" ind1=" " ind2=" ">
    <subfield code="a">HN-68963-65         B-488819-821</subfield>
  </datafield>
  <datafield tag="037" ind1=" " ind2=" ">
    <subfield code="b">DBAD / PUB</subfield>
  </datafield>
  <datafield tag="037" ind1=" " ind2=" ">
    <subfield code="b">&#x915;&#x932;&#x94D;&#x92A;&#x928;&#x93E; &#x92C;&#x941;&#x915; &#x921;&#x93F;&#x938;&#x94D;&#x91F;&#x94D;&#x930;&#x940;&#x92C;&#x94D;&#x92F;&#x942;&#x91F;&#x930;&#x94D;&#x938;</subfield>
  </datafield>
  <datafield tag="040" ind1=" " ind2=" ">
    <subfield code="a">DPL</subfield>
    <subfield code="b">HN</subfield>
  </datafield>
  <datafield tag="082" ind1=" " ind2=" ">
    <subfield code="a">808.88</subfield>
  </datafield>
  <datafield tag="100" ind1=" " ind2=" ">
    <subfield code="9">27482</subfield>
  </datafield>
  <datafield tag="245" ind1=" " ind2=" ">
    <subfield code="a">&#x928;&#x935;&#x91C;&#x93E;&#x917;&#x930;&#x923;&#x915;&#x93E;&#x932;&#x940;&#x928; &#x92A;&#x924;&#x94D;&#x930;&#x915;&#x93E;&#x930;&#x93F;&#x924;&#x93E; &#x914;&#x930; &#x92E;&#x924;&#x935;&#x93E;&#x932;&#x93E; /</subfield>
    <subfield code="c">&#x915;&#x930;&#x94D;&#x92E;&#x947;&#x928;&#x94D;&#x926;&#x941; &#x936;&#x93F;&#x936;&#x93F;&#x930; &#x926;&#x94D;&#x935;&#x93E;&#x930;&#x93E; &#x938;&#x902;&#x92A;&#x93E;&#x926;&#x93F;&#x924;</subfield>
  </datafield>
  <datafield tag="260" ind1=" " ind2=" ">
    <subfield code="a">&#x928;&#x908; &#x926;&#x93F;&#x932;&#x94D;&#x932;&#x940;</subfield>
    <subfield code="b">&#x905;&#x928;&#x93E;&#x92E;&#x93F;&#x915;&#x93E; &#x92A;&#x92C;&#x94D;&#x932;&#x93F;&#x936;&#x930;&#x94D;&#x938; &#x90F;&#x902;&#x921; &#x921;&#x93F;&#x938;&#x94D;&#x91F;&#x94D;&#x930;&#x940;&#x92C;&#x94D;&#x92F;&#x942;&#x91F;&#x930;&#x94D;&#x938;</subfield>
    <subfield code="c">2012</subfield>
  </datafield>
  <datafield tag="270" ind1=" " ind2=" ">
    <subfield code="a">4697/3,21 &#x90F;,&#x905;&#x902;&#x938;&#x93E;&#x930;&#x940; &#x930;&#x94B;&#x921;,&#x926;&#x930;&#x93F;&#x92F;&#x93E; &#x917;&#x902;&#x91C;</subfield>
    <subfield code="b">&#x928;&#x908; &#x926;&#x93F;&#x932;&#x94D;&#x932;&#x940;</subfield>
    <subfield code="e">110002</subfield>
    <subfield code="k">011-23281655</subfield>
    <subfield code="l">011-27868035</subfield>
  </datafield>
  <datafield tag="300" ind1=" " ind2=" ">
    <subfield code="a">&#x92D;&#x93E;-1,356,&#x92D;&#x93E;-2,363,&#x92D;&#x93E;-3,431&#x92A;&#x943;</subfield>
    <subfield code="c">22 &#x938;&#x947;&#x92E;&#x940; (&#x938;&#x91C;&#x93F;&#x932;&#x94D;&#x926;)</subfield>
  </datafield>
  <datafield tag="500" ind1=" " ind2=" ">
    <subfield code="a">&#x924;&#x940;&#x928; &#x92D;&#x93E;&#x917;&#x94B;&#x902; &#x92E;&#x947;&#x902;</subfield>
  </datafield>
  <datafield tag="650" ind1=" " ind2=" ">
    <subfield code="9">1169</subfield>
  </datafield>
  <datafield tag="650" ind1=" " ind2=" ">
    <subfield code="9">1170</subfield>
  </datafield>
  <datafield tag="700" ind1=" " ind2=" ">
    <subfield code="9">27483</subfield>
    <subfield code="a">&#x915;&#x930;&#x94D;&#x92E;&#x947;&#x928;&#x94D;&#x926;&#x941; &#x936;&#x93F;&#x936;&#x93F;&#x930;</subfield>
  </datafield>
  <datafield tag="710" ind1=" " ind2=" ">
    <subfield code="9">52094</subfield>
  </datafield>
  <datafield tag="942" ind1=" " ind2=" ">
    <subfield code="a">dpl</subfield>
    <subfield code="c">HN</subfield>
    <subfield code="2">ddc</subfield>
    <subfield code="m">&#x928;&#x935;&#x91C;&#x93E;</subfield>
    <subfield code="h">808.88</subfield>
  </datafield>
  <datafield tag="999" ind1=" " ind2=" ">
    <subfield code="c">69777</subfield>
    <subfield code="d">69777</subfield>
  </datafield>
  <datafield tag="952" ind1=" " ind2=" ">
    <subfield code="0">0</subfield>
    <subfield code="1">0</subfield>
    <subfield code="2">ddc</subfield>
    <subfield code="3">V-1</subfield>
    <subfield code="4">0</subfield>
    <subfield code="7">1</subfield>
    <subfield code="8">NFIC</subfield>
    <subfield code="a">DBAD</subfield>
    <subfield code="b">DBAD</subfield>
    <subfield code="d">2012-09-06</subfield>
    <subfield code="e">DBAB/PUB</subfield>
    <subfield code="g">2700.00</subfield>
    <subfield code="l">0</subfield>
    <subfield code="o">808.88 &#x928;&#x935;&#x91C;&#x93E;</subfield>
    <subfield code="p">HN-68963</subfield>
    <subfield code="r">2012-09-06 00:00:00</subfield>
    <subfield code="t">1</subfield>
    <subfield code="v">2700.00</subfield>
    <subfield code="y">HN</subfield>
  </datafield>
  <datafield tag="952" ind1=" " ind2=" ">
    <subfield code="0">0</subfield>
    <subfield code="1">0</subfield>
    <subfield code="2">ddc</subfield>
    <subfield code="3">V-2</subfield>
    <subfield code="4">0</subfield>
    <subfield code="7">1</subfield>
    <subfield code="8">NFIC</subfield>
    <subfield code="a">DBAD</subfield>
    <subfield code="b">DBAD</subfield>
    <subfield code="d">2012-09-06</subfield>
    <subfield code="e">DBAB/PUB</subfield>
    <subfield code="g">2700.00</subfield>
    <subfield code="l">0</subfield>
    <subfield code="o">808.88 &#x928;&#x935;&#x91C;&#x93E;</subfield>
    <subfield code="p">HN-68964</subfield>
    <subfield code="r">2012-09-06 00:00:00</subfield>
    <subfield code="t">1</subfield>
    <subfield code="v">2700.00</subfield>
    <subfield code="w">2012-09-06</subfield>
    <subfield code="y">HN</subfield>
  </datafield>
  <datafield tag="952" ind1=" " ind2=" ">
    <subfield code="0">0</subfield>
    <subfield code="1">0</subfield>
    <subfield code="2">ddc</subfield>
    <subfield code="3">V-3</subfield>
    <subfield code="4">0</subfield>
    <subfield code="7">1</subfield>
    <subfield code="8">NFIC</subfield>
    <subfield code="a">DBAD</subfield>
    <subfield code="b">DBAD</subfield>
    <subfield code="d">2012-09-06</subfield>
    <subfield code="e">DBAB/PUB</subfield>
    <subfield code="g">2700.00</subfield>
    <subfield code="l">0</subfield>
    <subfield code="o">808.88 &#x928;&#x935;&#x91C;&#x93E;</subfield>
    <subfield code="p">HN-68965</subfield>
    <subfield code="r">2012-09-06 00:00:00</subfield>
    <subfield code="t">1</subfield>
    <subfield code="v">2700.00</subfield>
    <subfield code="w">2012-09-06</subfield>
    <subfield code="y">HN</subfield>
  </datafield>
  <datafield tag="952" ind1=" " ind2=" ">
    <subfield code="0">0</subfield>
    <subfield code="1">0</subfield>
    <subfield code="2">ddc</subfield>
    <subfield code="3">&#x92D;&#x93E;&#x917;-1</subfield>
    <subfield code="4">0</subfield>
    <subfield code="7">0</subfield>
    <subfield code="8">NFIC</subfield>
    <subfield code="a">L</subfield>
    <subfield code="b">L</subfield>
    <subfield code="d">2013-02-07</subfield>
    <subfield code="e">&#x915;&#x932;&#x94D;&#x92A;&#x928;&#x93E; &#x92C;&#x941;&#x915; &#x921;&#x93F;&#x938;&#x94D;&#x91F;&#x94D;&#x930;&#x940;&#x92C;&#x94D;&#x92F;&#x942;&#x91F;&#x930;&#x94D;&#x938;/10/28.12.12/7/28.12.12/07.01.13</subfield>
    <subfield code="g">2700.00</subfield>
    <subfield code="l">0</subfield>
    <subfield code="o">808.88 &#x928;&#x935;&#x91C;&#x93E;</subfield>
    <subfield code="p">B-488819</subfield>
    <subfield code="r">2013-02-07 00:00:00</subfield>
    <subfield code="t">1</subfield>
    <subfield code="v">2700.00</subfield>
    <subfield code="w">2013-02-07</subfield>
    <subfield code="y">HN</subfield>
  </datafield>
  <datafield tag="952" ind1=" " ind2=" ">
    <subfield code="0">0</subfield>
    <subfield code="1">0</subfield>
    <subfield code="2">ddc</subfield>
    <subfield code="3">&#x92D;&#x93E;&#x917;-2</subfield>
    <subfield code="4">0</subfield>
    <subfield code="7">0</subfield>
    <subfield code="8">NFIC</subfield>
    <subfield code="a">L</subfield>
    <subfield code="b">L</subfield>
    <subfield code="d">2013-02-07</subfield>
    <subfield code="e">&#x915;&#x932;&#x94D;&#x92A;&#x928;&#x93E; &#x92C;&#x941;&#x915; &#x921;&#x93F;&#x938;&#x94D;&#x91F;&#x94D;&#x930;&#x940;&#x92C;&#x94D;&#x92F;&#x942;&#x91F;&#x930;&#x94D;&#x938;/10/28.12.12/7/28.12.12/07.01.13</subfield>
    <subfield code="g">2700.00</subfield>
    <subfield code="l">1</subfield>
    <subfield code="o">808.88 &#x928;&#x935;&#x91C;&#x93E;</subfield>
    <subfield code="p">B-488820</subfield>
    <subfield code="r">2017-05-11 00:00:00</subfield>
    <subfield code="s">2017-04-28</subfield>
    <subfield code="t">1</subfield>
    <subfield code="w">2013-02-07</subfield>
    <subfield code="y">HN</subfield>
  </datafield>
  <datafield tag="952" ind1=" " ind2=" ">
    <subfield code="0">0</subfield>
    <subfield code="1">0</subfield>
    <subfield code="2">ddc</subfield>
    <subfield code="3">&#x92D;&#x93E;&#x917;-3</subfield>
    <subfield code="4">0</subfield>
    <subfield code="7">0</subfield>
    <subfield code="8">NFIC</subfield>
    <subfield code="a">L</subfield>
    <subfield code="b">L</subfield>
    <subfield code="d">2013-02-07</subfield>
    <subfield code="e">&#x915;&#x932;&#x94D;&#x92A;&#x928;&#x93E; &#x92C;&#x941;&#x915; &#x921;&#x93F;&#x938;&#x94D;&#x91F;&#x94D;&#x930;&#x940;&#x92C;&#x94D;&#x92F;&#x942;&#x91F;&#x930;&#x94D;&#x938;/10/28.12.12/7/28.12.12/07.01.13</subfield>
    <subfield code="g">2700.00</subfield>
    <subfield code="l">0</subfield>
    <subfield code="o">808.88 &#x928;&#x935;&#x91C;&#x93E;</subfield>
    <subfield code="p">B-488821</subfield>
    <subfield code="r">2013-02-07 00:00:00</subfield>
    <subfield code="t">1</subfield>
    <subfield code="w">2013-02-07</subfield>
    <subfield code="y">HN</subfield>
  </datafield>
</record>
